Bare Act with Comments - The Code of Civil Procedure,1908 (Record no. 1465371)
[ view plain ]
| 000 -LEADER | |
|---|---|
| fixed length control field | 00493nam a22001697a 4500 |
| 005 - DATE AND TIME OF LATEST TRANSACTION | |
| control field | 20251113155352.0 |
| 008 - FIXED-LENGTH DATA ELEMENTS--GENERAL INFORMATION | |
| fixed length control field | 251113b |||||||| |||| 00| 0 eng d |
| 020 ## - INTERNATIONAL STANDARD BOOK NUMBER | |
| International Standard Book Number | 9789390644292 |
| 040 ## - CATALOGING SOURCE | |
| Transcribing agency | ILCL |
| 041 ## - LANGUAGE CODE | |
| Source of code | eng |
| Language code of text/sound track or separate title | eng |
| 084 ## - COLON CLASSIFICATION NUMBER | |
| Classification number | Z2,801 R5 |
| 245 ## - TITLE STATEMENT | |
| Title | Bare Act with Comments - The Code of Civil Procedure,1908 |
| 260 ## - PUBLICATION, DISTRIBUTION, ETC. | |
| Place of publication, distribution, etc. | Delhi |
| Name of publisher, distributor, etc. | Law and Justice Publishing Company |
| Date of publication, distribution, etc. | 2025 |
| 300 ## - PHYSICAL DESCRIPTION | |
| Extent | xxxiv,416p. |
| 710 ## - ADDED ENTRY--CORPORATE NAME | |
| Corporate name or jurisdiction name as entry element | Law and Justice Publishing Company |
| 942 ## - ADDED ENTRY ELEMENTS (KOHA) | |
| Source of classification or shelving scheme | Colon Classification (CC) |
| Koha item type | Reference |
| 710 ## - ADDED ENTRY--CORPORATE NAME | |
| -- | 851268 |
| 999 ## - | |
| -- | 1465371 |
| -- | 1465371 |
| Withdrawn status | Lost status | Source of classification or shelving scheme | Damaged status | Not for loan | Home library | Current library | Date acquired | Source of acquisition | Cost, normal purchase price | Inventory number | Total checkouts | Full call number | Barcode | Date last seen | Price effective from | Koha item type |
|---|---|---|---|---|---|---|---|---|---|---|---|---|---|---|---|---|
| Colon Classification (CC) | Integrated Law Course library | Integrated Law Course library | 2025-10-10 | Apple Books | 395.00 | 003/2025-26 dt. 10-10-2025 | Z2,801 R5 | IL1865036 | 2025-11-13 | 2025-11-13 | Reference | |||||
| Colon Classification (CC) | Integrated Law Course library | Integrated Law Course library | 2025-10-10 | Apple Books | 395.00 | 003/2025-26 dt. 10-10-2025 | Z2,801 R5 | IL1865037 | 2025-11-13 | 2025-11-13 | Reference |
